00839nam a2200253Ia 450000500170000000800390001702000150005604100080007108200190007910000200009824500520011825000220017030000250019265000570021765000310027465000640030594200150036926400630038433600270044733700330047433800280050704000350053599900150057020220316235654.0121119s2001 ck gr6 000 0 spa a95828124350 aspa04a808.882bL69M21 aLozano, Jocundo14aLos mejores chistes de suegras cJocundo Lozano aPrimera edición a212 páginasc23 cm14aSuegrasxAnécdotas, chistes, sátiras, etc.2LEMB14aHumorismo colombiano2LEMB14aMadres e hijasxAnécdotas, chistes, sátiras, etc.2LEMB 2ddccBKLIT aBogotábIntermedio EditoresbCírculo de lectoresc2001 atextobtxt2rdacontent asin mediaciónbn2rdamedia avolumenbnc2rdacarrier aCO-BoRNBPbspaerdacCO-BoRNBP c1769d1769